Motor disturbances 1 : a selection of papers delivered at the 1st congress of the International Medical Society of Motor disturbances held at Lausanne, Switzerland, 19-21 June, 1986 /

Bibliographic Details
Other Authors: Benecke, R., Conrad, B., Marsden, C. David (Charles David)
Format: Book
Language:English
Published: London : Academic, 1987.
Subjects:

MARC

Tag First Indicator Second Indicator Subfields
LEADER 00000cam a22000008a 4500
001 in00000016978
005 20151007053341.0
008 870715s1987 enka b 00100 eng d
010 |a gb 87036858  
015 |a GB87-36858 
020 |a 0120868407 :  |c £25.00 (Nov.) 
035 |a (OCoLC)16682702 
035 |9 AAB1325AM 
040 |a UKM  |c UKM  |d TXA  |d UtOrBLW 
049 |a TXAM  |c [A11098291] 
050 1 0 |a RC925 
050 4 |a RC925  |b .M67 1987 
082 0 |a 616.7  |2 19 
245 0 0 |a Motor disturbances 1 :  |b a selection of papers delivered at the 1st congress of the International Medical Society of Motor disturbances held at Lausanne, Switzerland, 19-21 June, 1986 /  |c edited by R. Benecke, B. Conrad, C.D. Marsden. 
264 1 |a London :  |b Academic,  |c 1987. 
300 |a xi, 333 pages :  |b illustrations ;  |c 23 cm. 
336 |a text  |b txt  |2 rdacontent 
337 |a unmediated  |b n  |2 rdamedia 
338 |a volume  |b nc  |2 rdacarrier 
504 |a Includes bibliography and index. 
650 0 |a Neuromuscular diseases. 
700 1 |a Benecke, R. 
700 1 |a Conrad, B. 
700 1 |a Marsden, C. David  |q (Charles David) 
999 |a MARS 
999 f f |s 3107505c-9586-3666-b114-ace3893e1f82  |i 0d1d83e5-00aa-361f-a3ff-f838008a9cfc  |t 0 
952 f f |p ric  |a Texas A&M University  |b Rellis Campus  |c Joint Library Facility  |d Remote Storage  |t 0  |e RC925 .M67 1987  |h Library of Congress classification  |i unmediated -- volume  |m A14811098291 
998 f f |a RC925 .M67 1987  |t 0  |l Remote Storage